[Event "GER CM05-A email"]
[Site "GER email"]
[Date "2018.06.19"]
[Round "?"]
[White "Loeffler, Werner"]
[Black "Zajsek, Franc"]
[Result "1/2-1/2"]
[WhiteElo "2363"]
[BlackElo "2381"]
[PlyCount "155"]
[EventDate "2018.??.??"]
[EventType "tourn (corr)"]
[EventRounds "10"]
[EventCountry "GER"]
[SourceTitle "Corr 2022"]
[Source "ChessBase"]
[SourceDate "2021.10.24"]
[SourceVersion "1"]
[SourceVersionDate "2021.10.24"]
[SourceQuality "1"]

1. d4 d5 2. c4 c6 3. Nf3 Nf6 4. Nc3 e6 5. e3 Nbd7 6. Qc2 Bd6 7. Bd3 0-0 8. 0-0 dxc4 9. Bxc4 b5 10. Be2 Bb7 11. Rd1 Qc7 12. Bd2 Rfe8 13. Rac1 Qb8 14. Bd3 Rc8 15. e4 c5 16. Nxb5 Bf8 17. Ba5 a6 18. Na3 cxd4 19. Nc4 h6 20. Qe2 e5 21. Re1 Re8 22. b4 Qa7 23. Rc2 Rac8 24. Rec1 Qb8 25. a3 g6 26. Nb2 Qa8 27. Nd2 h5 28. f3 Rxc2 29. Rxc2 h4 30. a4 h3 31. g3 Nb8 32. Nb3 Nc6 33. Qe1 Nh7 34. b5 Ng5 35. Rf2 Nxa5 36. Nxa5 axb5 37. axb5 Ne6 38. Bc4 Bc8 39. Nc6 Bh6 40. Nd1 Qa3 41. Nxe5 Be3 42. Nxe3 dxe3 43. Re2 Ng5 44. Rxe3 Qb2 45. Bf1 Rxe5 46. Qc3 Qxc3 47. Rxc3 Re8 48. Kf2 Bg4 49. Rb3 Be6 50. Rb4 Bc8 51. Rc4 Kf8 52. Rc7 Ne6 53. Ra7 Nc5 54. Rc7 Na4 55. g4 Rd8 56. Bxh3 g5 57. Bf1 Be6 58. b6 Nxb6 59. Rc5 Rd2+ 60. Kg3 Rd1 61. Bg2 Na4 62. Rxg5 Nc3 63. h4 Rc1 64. h5 Ne2+ 65. Kf2 Nf4 66. Kg3 Ne2+ 67. Kh2 Rc6 68. Bf1 Nd4 69. Kg3 Bb3 70. Kf2 Rc2+ 71. Ke3 Ne6 72. Rf5 Rc3+ 73. Kf2 Nd4 74. Rf6 Ke7 75. g5 Ne6 76. f4 Kf8 77. Bg2 Kg8 78. h6 1/2-1/2